000 00366 a2200157 4500
001 75629
020 _a
040 _cAnchieta - Colégio São Paulo
100 _aGalrão, Martha
240 1 0 _aConvivendo com as diferenças:
_lpor
245 1 0 _aConvivendo com as diferenças:
300 _a[30]
362 0 _a2017
650 4 _aLiteratura infantil
942 _cBK
999 _c75629
_d75629